Statistics for Physical Geography by Letter - D

Click here to take the quiz!

General Stats

  • This quiz has been taken 713 times
  • The average score is 10 of 18

Answer Stats

ClueAnswer% Correct
Sahara, Antarctica, GobiDesert
99%
Salty lake bordering Jordan and IsraelDead Sea
94%
Sand hill formed through windDune
89%
Formed at the mouth of a riverDelta
88%
Longest rivers to drain into the Black SeaDanube
87%
Another name for Mount McKinleyDenali
70%
Hasn't erupted for a long time{Dormant} volcano
58%
Croatian coastlineDalmatia
57%
Levees in the NetherlandsDike
50%
A forest consisting of trees with leaves that fallDeciduous forest
48%
Condensed water from atmosphereDew
48%
Sustained below average precipitationDrought
46%
Longest rivers to drain into the Black SeaDnieper
34%
Italian mountain range a part of the AlpsDolomites
34%
Tree remains washed up along a coastDriftwood
32%
Examples include 'slash and burn'Deforestation
24%
Region with low atmospheric pressureDepression
14%
When one of the above is so large
that smaller versions form on top
Draa
1%

Score Distribution

Percentile by Number Answered

Percent of People with Each Score

Your Score History

You have not taken this quiz